Diseño de un sistema de gestión estratégica para Grupo Multispa
Guardado en:
| Hovedforfatter: | |
|---|---|
| Andre forfattere: | , |
| Format: | Bog |
| Udgivet: |
San José, Costa Rica
2006
|
| Fag: | |
| Tags: |
Tilføj Tag
Ingen Tags, Vær først til at tagge denne postø!
|
MARC
| LEADER | 00000nam a2200000Ia 4500 | ||
|---|---|---|---|
| 003 | 001003 | ||
| 005 | 20221231144104.0 | ||
| 008 | 140114s2006 cr a 000 ||s d | ||
| 040 | |c cru CEDI | ||
| 090 | |a TFG 5530 | ||
| 100 | |a Fernández Mora, Yendry |9 4654 | ||
| 245 | |a Diseño de un sistema de gestión estratégica para Grupo Multispa | ||
| 260 | |c 2006 |b San José, Costa Rica | ||
| 300 | |a 219, [62] hojas; ilustraciones | ||
| 500 | |a Tesis (licenciatura en ingeniería industrial)--Universidad de Costa Rica. Facultad de Ingeniería. Escuela de Ingeniería Industrial | ||
| 650 | |x GESTION DE NEGOCIOS |x PLANIFICACION ESTRATEGICA |x ESTRATEGIAS PARA EL DESARROLLO |x GIMNASIOS |x ADMINISTRACION |9 4657 | ||
| 700 | |9 4655 |a Jiménez Granados, Cristian | ||
| 700 | |9 4656 |a Quirós Ramírez, Manuel Enrique | ||
| 942 | |c TFG | ||
| 999 | |c 16730 |d 16730 | ||
